Score 0/26 Timer 03:00
2 Plays Today
Clue 4-Letter Word % Correct
A deck has 52 of thisCARD
95.7%
One of the big three US AutomakersFORD
94%
Wheeled grocery carrierCART
93.7%
At a ___ for wordsLOSS
91.6%
Golfer's exclamatory warningFORE
90.5%
Tibia, femur, or sternum, e.g.BONE
88.7%
Extension ______CORD
88.4%
A girl in IrelandLASS
88.3%
Front yard grassLAWN
86.2%
Origami instructionFOLD
86.1%
Soil or earthDIRT
86%
The Great Chicago _____FIRE
85%
MorningDAWN
83.5%
Clue 4-Letter Word % Correct
Rules and regulationsLAWS
83.5%
Not crazySANE
82.9%
'The Spy Who Came in from the ___'COLD
81.6%
With 'The,' Bruce SpringsteenBOSS
80.4%
Audio/electronics companyBOSE
78.5%
Huck Finn's river vehicleRAFT
78.5%
Dismal or oppressiveDIRE
75.9%
Cause of ruin or woeBANE
75.1%
Barroom projectileDART
74.4%
Mend or knit new socksDARN
73.6%
CrazyDAFT
59.5%
Angry diatribeRANT
51.9%
Lean to one sideCANT
48.4%

Today's Daily Dose

You're not logged in!

Compare scores with friends on all Sporcle quizzes.
OR
Log In

Sporcle TV

Today on Sporcle TV


Watch our educational content, quiz creation guides, and fun videos on Sporcle TV.

Show Comments

Extras

Top Quizzes Today


Score Distribution

Your Account Isn't Verified!

In order to create a playlist on Sporcle, you need to verify the email address you used during registration. Go to your Sporcle Settings to finish the process.

Report this User

Report this user for behavior that violates our Community Guidelines.

Details: